Deep End - Felix from Stray Kids (lyrics) - Statistiques

Statistiques générales
  • Ce quiz a été pris 210 fois
  • Le résultat moyen est 148 sur 254
Statistiques - réponses
Réponse % Correct
i
93%
you
85%
deep
84%
be
78%
by
75%
my
75%
in
74%
the
74%
end
73%
your
70%
to
69%
we
68%
so
66%
never
65%
been
64%
life
64%
go
63%
alive
61%
inside
61%
and
60%
felt
60%
guess
60%
honestly
60%
try
60%
way
60%
how
59%
fine
58%
i'm
58%
this
58%
just
57%
had
56%
me
56%
touch
56%
if
55%
long
55%
no
55%
side
55%
were
55%
alone
54%
please
54%
used
54%
you're
54%
soul
53%
bones
52%
feel
52%
miss
52%
now
52%
all
51%
back
51%
it's
51%
myself
51%
seen
51%
since
51%
stop
51%
world
51%
again?
50%
can
50%
close
50%
last
50%
sleep
50%
chance
49%
cry
49%
pretty
49%
always
48%
pain
48%
i'll
47%
then
47%
time
47%
truly
47%
lovely
46%
with
46%
but
45%
i've
45%
like
45%
matter
45%
more
45%
one
45%
sinking
45%
sweet
45%
was
45%
we've
45%
far
44%
gave
44%
gone
44%
throughout
44%
up
44%
you'd
44%
phone
43%
pick
43%
still
43%
apart
42%
wanted
42%
without
42%
complete
41%
ghost
41%
How've
41%
text
41%
(together)
41%
bittersweet
38%
(bittersweet)
38%
changed
38%
i'd
38%
made
38%
heal
37%
heal)
37%
laugh
37%
(laugh
37%
as
36%
read
36%
hadn't
35%
kept
35%
nothing
34%
days
29%
whole
29%
conceit
26%
filled
26%
times
24%
Aucun quiz correspondant
Distribution des résultats
% des personnes avec chaque résultat
Percentile par nombre de réponses
Votre historique - résultats
Vous n’avez pas pris ce quiz